01334nam a2200325 u 450000100070000000500170000700800410002403500110006504000130007604100080008908200080009710000450010524501100015026000430026030000130030365000650031665000320038165000250041365000250043865000310046365000440049465000390053865000340057770000500061170000490066194200100071099900190072050001110073995201580085056263420260506084202.0991108s1999 ||||||m| spa  a562634 ccomduadb aspa 4a65810aBedoya, Uriel de Jesus4auteaut951394810aEstudio de viabilidad para la creacion de una empresa productora y comercializadora de articulos de cuero aMedellín :b[sin publicador],c1999. a36 hojas aTratamiento de aguas residuales - La Ceja (Antioquia)933023 aAntioquia (Colombia)977506 aCuero curtido919538 7aMercadeo2lemb91171 7aProducción2embne939734 7aEvaluación de proyectos2embne962679 7aProyecto de empresa2embne9123385 7aNuevas empresas2lemb916873410aBedoya Toro, Maria Cristina4auteaut930104510aRios Cardona, Luis Eduardo4auteaut9502982 cTESIS c137568d137568 aTesis (Tecnólogo en Administración de Empresas) Universidad de Antioquia - Título del grado otorgado 001040708TESISBCaBCbBCd1999-11-22eMaterial adquirido por donacióniC614296l0o658.404 B412ep0729668r2023-04-22 00:00:00t1w2023-04-22yTESIS